[Event "BCF-chT3N 1718 (4NCL)"]
[Site "England"]
[Date "2018.05.07"]
[Round "11.35"]
[White "Tebelev, Michael"]
[Black "Edwards, Simon R"]
[Result "1/2-1/2"]
[WhiteElo "1816"]
[BlackElo "1940"]
[PlyCount "89"]
[EventDate "2017.11.11"]
[EventType "team-swiss"]
[EventRounds "11"]
[EventCountry "ENG"]
[SourceTitle "EXT 2020"]
[Source "ChessBase"]
[SourceDate "2019.10.17"]
[SourceVersion "1"]
[SourceVersionDate "2019.10.17"]
[SourceQuality "1"]
[WhiteTeam "3CS Oldham II"]
[BlackTeam "Cheddleton II"]
[WhiteTeamCountry "ENG"]
[BlackTeamCountry "ENG"]

1. d4 Nf6 2. c4 b6 3. Nc3 Bb7 4. f3 e6 5. Bg5 Be7 6. e4 Nxe4 7. Bxe7 Nxc3 8. Bxd8 Nxd1 9. Bxc7 Ne3 10. Kf2 Nf5 11. Rd1 Nc6 12. d5 Nd8 13. Bd3 Ne7 14. dxe6 dxe6 15. Nh3 Rc8 16. Bd6 Ba6 17. b3 Nb7 18. Ba3 Rc7 19. Ng5 h6 20. Ne4 0-0 21. Rd2 Rd8 22. Rhd1 Rcd7 23. b4 f5 24. b5 fxe4 25. Bxe7 Rxe7 26. Bxe4 Rxd2+ 27. Rxd2 Bxb5 28. cxb5 Nc5 29. Bg6 Rd7 30. Rxd7 Nxd7 31. Ke3 Kf8 32. Kd4 Ke7 33. f4 Kd6 34. h4 Nf6 35. Be4 Nd7 36. g4 Nc5 37. h5 Nd7 38. g5 Nc5 39. Bc2 Nd7 40. Bg6 Nc5 41. Be8 Ke7 42. Bc6 Kd6 43. Be4 Nd7 44. Bc2 Nc5 45. Bg6 1/2-1/2

[Event "BCF-chT3N 1718 (4NCL)"]
[Site "England"]
[Date "2018.02.11"]
[Round "6.25"]
[White "Cooper, John G"]
[Black "Tebelev, Michael"]
[Result "1/2-1/2"]
[WhiteElo "1930"]
[BlackElo "1816"]
[PlyCount "66"]
[EventDate "2017.11.11"]
[EventType "team-swiss"]
[EventRounds "11"]
[EventCountry "ENG"]
[SourceTitle "EXT 2020"]
[Source "ChessBase"]
[SourceDate "2019.10.17"]
[SourceVersion "1"]
[SourceVersionDate "2019.10.17"]
[SourceQuality "1"]
[WhiteTeam "Spirit of Atticus II"]
[BlackTeam "3CS Oldham II"]
[WhiteTeamCountry "ENG"]
[BlackTeamCountry "ENG"]

1. e4 e6 2. d4 d5 3. e5 c5 4. c3 Nc6 5. Nf3 Bd7 6. Be2 Qc7 7. Na3 a6 8. 0-0 Nge7 9. Nc2 Ng6 10. h4 Be7 11. g3 f6 12. h5 Nf8 13. exf6 gxf6 14. Bf4 Bd6 15. Bxd6 Qxd6 16. c4 dxc4 17. Bxc4 b5 18. Be2 0-0-0 19. a4 c4 20. axb5 axb5 21. Ra8+ Nb8 22. Qa1 Bc6 23. Ra7 Rd7 24. Rxd7 Nfxd7 25. Qa5 Qc7 26. Qb4 Nb6 27. Ra1 Nd5 28. Qd2 Rg8 29. Kh2 Nd7 30. Qh6 N7b6 31. Qd2 Na4 32. Nb4 Qd6 33. Nxc6 Qxc6 1/2-1/2

[Event "BCF-chT3N 1617 (4NCL)"]
[Site "England"]
[Date "2017.01.14"]
[Round "3.56"]
[White "Tebelev, Michael"]
[Black "Sadler, Anthony"]
[Result "1/2-1/2"]
[WhiteElo "1900"]
[BlackElo "1900"]
[PlyCount "86"]
[EventDate "2016.11.26"]
[EventType "team-swiss"]
[EventRounds "11"]
[EventCountry "ENG"]
[SourceTitle "EXT 2019"]
[Source "ChessBase"]
[SourceDate "2018.10.10"]
[SourceVersion "1"]
[SourceVersionDate "2018.10.10"]
[SourceQuality "1"]
[WhiteTeam "3CS Oldham II"]
[BlackTeam "Hounds and Bears"]
[WhiteTeamCountry "ENG"]
[BlackTeamCountry "ENG"]

1. d4 d6 2. c4 g6 3. Nc3 Bg7 4. e4 e6 5. Nf3 Nd7 6. Be2 Ne7 7. Bg5 h6 8. Bh4 a6 9. d5 e5 10. Nd2 g5 11. Bg3 Ng6 12. 0-0 Nf6 13. b4 0-0 14. f3 Nh5 15. Bf2 Nhf4 16. Re1 h5 17. c5 g4 18. Bf1 Kh7 19. Re3 Bh6 20. Ne2 Nxe2+ 21. Rxe2 Nf4 22. Re3 Rg8 23. Kh1 gxf3 24. Nxf3 Bg4 25. Qe1 Ng6 26. Rb3 f5 27. h3 Bxf3 28. Rxf3 f4 29. cxd6 cxd6 30. Rc1 Rc8 31. Rxc8 Qxc8 32. Rc3 Qd8 33. Be2 f3 34. Bxf3 Nf4 35. Qd1 Qd7 36. Qc2 Rg7 37. Bb6 Nxh3 38. gxh3 Qxh3+ 39. Qh2 Qf1+ 40. Bg1 Bf4 41. Qxh5+ Bh6 42. Qh2 Rxg1+ 43. Qxg1 Qh3+ 1/2-1/2